000 00430nam a2200169 a 4500
001 0000-9312
003 ELIB.Books
008 110520 1981
035 _a(ELIB.Books)0000-9464
082 _a231.8
_bKus
100 _aKushner, Harold S.
245 _aWhen bad things Happen to Good People
260 _bNew York: Schocken Books
_c1981
650 _aGod
942 _2ddc
_cBK
998 _cbat
_e2011-05-20
999 _c9312
_d9312